Every 100k+ City in Europe that Start with J - Statistics

General Stats
  • This quiz has been taken 34 times
  • The average score is 4 of 5
Answers on the Map
Answers color-coded by a green-red scale on the quiz's map according to % correct below.
 
Answer Stats
Country City Population % Correct
Spain Jerez de la Frontera 213,616
87%
Germany Jena 110,502
84%
Sweden Jönköping 101,440
74%
Finland Jyväskylä 145,887
61%
Spain Jaén 111,915
48%
No matching quizzes found
Score Distribution
Percent of People with Each Score
Percentile by Number Answered
Your Score History
You have not taken this quiz